Исследование современных проблем общества в контексте задач социальной работы и социальной безопасности: сборник научных статей студентов и преподавателей. Вып.6
В сборнике представлены результаты совместных научных исследований преподавателей и студентов по актуальным проблемам современного общества риска в контексте задач социальной работы. Содержанием сборника являются материалы прошедшей 19 апреля 2018 года Всероссийской научно-практической конференции с...
Guardat en:
| Format: | Книга |
|---|---|
| Idioma: | Russian |
| Publicat: |
Архангельск
САФУ
2018
|
| Accés en línia: | https://e.lanbook.com/book/161791 https://e.lanbook.com/img/cover/book/161791.jpg |
| Etiquetes: |
Afegir etiqueta
Sense etiquetes, Sigues el primer a etiquetar aquest registre!
|
| LEADER | 02419nam0a2200253 i 4500 | ||
|---|---|---|---|
| 001 | 161791 | ||
| 003 | RuSpLAN | ||
| 005 | 20221220174114.0 | ||
| 008 | 221220s2018 ru gs 000 0 rus | ||
| 020 | |a 978-5-00122-428-0 | ||
| 040 | |a RuSpLAN | ||
| 041 | 0 | |a rus | |
| 044 | |a ru | ||
| 080 | |a 364-78(045) | ||
| 084 | |a 60.524.125я43+60.99я43 |2 rubbk | ||
| 245 | 0 | 0 | |a Исследование современных проблем общества в контексте задач социальной работы и социальной безопасности: сборник научных статей студентов и преподавателей. Вып.6 |
| 260 | |a Архангельск |b САФУ |c 2018 | ||
| 300 | |a 650 с. | ||
| 504 | |a Библиогр.: доступна в карточке книги, на сайте ЭБС Лань | ||
| 520 | 8 | |a В сборнике представлены результаты совместных научных исследований преподавателей и студентов по актуальным проблемам современного общества риска в контексте задач социальной работы. Содержанием сборника являются материалы прошедшей 19 апреля 2018 года Всероссийской научно-практической конференции с международным участием студентов, магистрантов и молодых ученых «Социальные риски и проблемы обеспечения социальной безопасности в современном обществе», организованной кафедрой социальной работы и социальной безопасности САФУ. Материалы сборника адресованы студентам, магистрантам, преподавателям вузов и специалистам, работающим в социальной сфере, всем заинтересованным читателям. | |
| 521 | 8 | |a Книга из коллекции САФУ - Социально-гуманитарные науки | |
| 856 | 4 | |u https://e.lanbook.com/book/161791 | |
| 856 | 4 | 8 | |u https://e.lanbook.com/img/cover/book/161791.jpg |
| 953 | |a https://e.lanbook.com/img/cover/book/161791.jpg | ||